تحليل و تجز يہ (Record no. 166480)

MARC details
000 -LEADER
fixed length control field 00651nam a22001937a 4500
005 - DATE AND TIME OF LATEST TRANSACTION
control field 20190725105651.0
010 ## - LCCN (DPL NO)
LC control number UR-10282
020 ## - INTERNATIONAL STANDARD BOOK NUMBER
Terms of availability 350.00
International Standard Book Number -
035 ## - SYSTEM CONTROL NUMBER
System control number U-8837
037 ## - SOURCE OF ACQUISITION
Source of stock number/acquisition DBAD/PUB
082 ## - DEWEY DECIMAL CLASSIFICATION NUMBER
Classification number 844.08
100 ## - MAIN ENTRY--PERSONAL NAME
Personal name مجا ہد ا لا سلا م
245 ## - TITLE STATEMENT
Title تحليل و تجز يہ
Statement of responsibility, etc مجا ہد ا لا سلا م
246 ## - VARYING FORM OF TITLE
Remainder of title Tehlil-o-Tajziah (Urdu)
Title proper/short title Mujahid Ul Islam
260 ## - PUBLICATION, DISTRIBUTION, ETC. (IMPRINT)
Place of publication, distribution, etc Delhi
Name of publisher, distributor, etc Educational Publishing House
Date of publication, distribution, etc 2018 ء
270 ## - ADDRESS
Address 3191،Vakil Street,Kucha Pandit,Lal Kuan,
City Delhi
Postal code 110006
Telephone number 23216162
Fax number 00911123211540
300 ## - PHYSICAL DESCRIPTION
Extent 272 ص
Dimensions 22 Cm(Hb)
942 ## - ADDED ENTRY ELEMENTS (KOHA)
Source of classification or shelving scheme Dewey Decimal Classification
Item type Urdu Bks
Classification part 844.08
Call number suffix م ج ا
Holdings
Withdrawn status Lost status Not for loan Collection code Home library Current library Date acquired Source of acquisition Cost, normal purchase price Full call number Barcode Copy number Cost, replacement price Koha item type
      Non-fiction Central Library Central Library 25/07/2019 DBAD/PUB 350.00 844.08 م ج ا U-8837 1 350.00 Urdu Bks

© Delhi Public Library
Hit Counter
free hit counter